Shakespeare King Lear (Record no. 16712)

000 -LEADER
fixed length control field 00287nam a22001097a 4500
008 - FIXED-LENGTH DATA ELEMENTS--GENERAL INFORMATION
fixed length control field 131217t xxu||||| |||| 00| 0 eng d
020 ## - INTERNATIONAL STANDARD BOOK NUMBER
International Standard Book Number 0-553-21297-4
100 ## - MAIN ENTRY--PERSONAL NAME
Personal name Edited by David Bevington
9 (RLIN) 441
245 ## - TITLE STATEMENT
Title Shakespeare King Lear
Statement of responsibility, etc. by william shakespeare
300 ## - PHYSICAL DESCRIPTION
Extent 000
942 ## - ADDED ENTRY ELEMENTS (KOHA)
Source of classification or shelving scheme
Koha item type Book
Holdings
Withdrawn status Lost status Source of classification or shelving scheme Damaged status Not for loan Collection code Permanent Location Current Location Date acquired Total Checkouts Full call number Barcode Date last seen Price effective from Koha item type
            Atta-ur-Rahman School of Applied Biosciences (ASAB) Atta-ur-Rahman School of Applied Biosciences (ASAB) 01/11/2016   Fic Sha ASAB3108 01/11/2016 01/11/2016 Book
© 2023 Central Library, National University of Sciences and Technology. All Rights Reserved.